Catalog

Record Details

Catalog Search



Available copies

  • 1 of 1 copy available at LARL/NWRL Consortium.

Current holds

0 current holds with 1 total copy.

Show Only Available Copies
Location Call Number / Copy Notes Barcode Shelving Location Status Due Date
Godel Memorial-Warren Library lp NEW (Text) 35500002261970 Main Available -

Record details

  • ISBN: 157490020X (alk. paper)
  • Physical Description: 240 p. ; 24 cm.
  • Publisher: Hampton Falls, NH : Sagebrush Large Print Westerns, 1996.
Genre: Western stories.
Large type books.
LDR 00894nam a22002538a 4500
00118213
003LARL_NWRL_CONSORTIUM
00519960822191427.0
008960409r19961970nhu d 000 1 eng
010 . ‡a96019311
020 . ‡a157490020X (alk. paper)
035 . ‡a(OCoLC)34564954
040 . ‡aDLC ‡cDLC ‡dKRL
08200. ‡a813/.52 ‡220
092 . ‡aLARGE PRINT FICTION
1001 . ‡aNewton, D. B. ‡q(Dwight Bennett), ‡d1916- ‡0(LARL_NWRL_CONSORTIUM)138222
24510. ‡aLegend in the dust ‡h[Large Print] / ‡cDwight Bennett Newton.
260 . ‡aHampton Falls, NH : ‡bSagebrush Large Print Westerns, ‡c1996.
300 . ‡a240 p. ; ‡c24 cm.
655 7. ‡aWestern stories. ‡2gsafd
655 0. ‡aLarge type books.
901 . ‡a18213 ‡bOCLC ‡c18213 ‡tbiblio

Additional Resources